[Event "BCF-chT4 2223 (4NCL)"]
[Site "England"]
[Date "2023.04.29"]
[Round "9.63"]
[White "Bloom, Paul"]
[Black "Rida, Ruqayyah"]
[Result "0-1"]
[WhiteElo "1744"]
[BlackElo "1786"]
[PlyCount "64"]
[EventDate "2022.11.05"]
[EventType "team-swiss"]
[EventRounds "11"]
[EventCountry "ENG"]
[SourceTitle "EXT 2024"]
[Source "ChessBase"]
[SourceDate "2023.10.10"]
[SourceVersion "1"]
[SourceVersionDate "2023.10.10"]
[SourceQuality "1"]
[WhiteTeam "Barnet Knights III"]
[BlackTeam "She Plays To Win Lionesses"]
[WhiteTeamCountry "ENG"]
[BlackTeamCountry "ENG"]

1. e4 e5 2. Nf3 Nc6 3. Bb5 a6 4. Ba4 Nf6 5. 0-0 b5 6. Bb3 Bc5 7. c3 d6 8. d4 Bb6 9. h3 0-0 10. Re1 h6 11. a4 Bb7 12. d5 Ne7 13. Qd3 Nd7 14. Bd1 Nc5 15. Qe2 f5 16. exf5 Bxd5 17. Nbd2 Nxf5 18. a5 Ba7 19. b4 Ne6 20. Bb3 Bxb3 21. Nxb3 Nh4 22. Be3 Nxf3+ 23. gxf3 Nf4 24. Bxf4 Rxf4 25. Kh2 Qh4 26. Rf1 e4 27. Nd4 Bxd4 28. cxd4 Rxf3 29. Qa2+ Kh8 30. Qe6 Raf8 31. Ra2 R8f5 32. Re2 Rxh3+ 0-1

[Event "GBR-ch Soanes op 106th"]
[Site "Torquay"]
[Date "2019.07.28"]
[Round "4"]
[White "Bloom, Paul"]
[Black "Goodfellow, Russell Robert"]
[Result "0-1"]
[WhiteElo "1519"]
[BlackElo "1749"]
[PlyCount "54"]
[EventDate "2019.07.26"]
[EventType "swiss"]
[EventRounds "5"]
[EventCountry "ENG"]
[SourceTitle "EXT 2021"]
[Source "ChessBase"]
[SourceDate "2020.10.23"]
[SourceVersion "1"]
[SourceVersionDate "2020.10.23"]
[SourceQuality "1"]

1. e4 c5 2. Nc3 Nc6 3. f4 g6 4. Nf3 Bg7 5. Bb5 Nd4 6. Nxd4 cxd4 7. Ne2 e6 8. 0-0 Ne7 9. d3 0-0 10. Qe1 a6 11. Ba4 d6 12. Bb3 Kh8 13. Qh4 f5 14. Kh1 Bd7 15. Bd2 Nc6 16. Qg3 Rc8 17. Rac1 Qb6 18. Ng1 Na5 19. Bxa5 Qxa5 20. Nh3 Bf6 21. Ng5 Rce8 22. Rce1 Bxg5 23. Qxg5 Qc5 24. Rf3 fxe4 25. Qxc5 dxc5 26. Rxe4 Bc6 27. Rxe6 Rxe6 0-1